Channel catfish production in ponds

Đã lưu trong:
书目详细资料
格式: 图书
语言:Undetermined
出版: Alabama Auburn University 1914
主题:
标签: 添加标签
没有标签, 成为第一个标记此记录!
Thư viện lưu trữ: Trung tâm Học liệu Trường Đại học Cần Thơ
LEADER 00417nam a2200157Ia 4500
001 CTU_38808
008 210402s9999 xx 000 0 und d
082 |a 639.3749 
082 |b C458 
245 0 |a Channel catfish production in ponds 
260 |a Alabama 
260 |b Auburn University 
260 |c 1914 
650 |a Fish ponds 
904 |i Thanh, Hải 
980 |a Trung tâm Học liệu Trường Đại học Cần Thơ